<?xml version="1.0" encoding="UTF-8"?>
<collection xmlns="http://www.loc.gov/MARC21/slim">
 <record>
  <leader>00378pamaa2200145   4500</leader>
  <controlfield tag="001">0000024804</controlfield>
  <controlfield tag="005">20060531090000.0</controlfield>
  <datafield tag="020" ind1="0" ind2="0">
   <subfield code="a">0094611602 </subfield>
  </datafield>
  <datafield tag="082" ind1=" " ind2=" ">
   <subfield code="a">331.894 NOE</subfield>
  </datafield>
  <datafield tag="090" ind1="0" ind2="0">
   <subfield code="a">HD5367 </subfield>
   <subfield code="b">NOE 1976</subfield>
  </datafield>
  <datafield tag="100" ind1="1" ind2="0">
   <subfield code="a">NOEL </subfield>
  </datafield>
  <datafield tag="245" ind1="1" ind2="4">
   <subfield code="a">The Great lock-out of 1926  </subfield>
   <subfield code="c">Garard Noel.</subfield>
  </datafield>
  <datafield tag="260" ind1="0" ind2="0">
   <subfield code="a">London: </subfield>
   <subfield code="b">Anchor Press Ltd, </subfield>
   <subfield code="c">1976.</subfield>
  </datafield>
  <datafield tag="300" ind1=" " ind2=" ">
   <subfield code="a">239p.: </subfield>
   <subfield code="b">ill.ports; </subfield>
   <subfield code="c">22cm.</subfield>
  </datafield>
  <datafield tag="650" ind1="0" ind2="0">
   <subfield code="a">Labor economics </subfield>
  </datafield>
 </record>
</collection>
